Các tỉnh ủy ở Đồng bằng sông Cửu Long lãnh đạo chuyển dịch cơ cấu kinh tế nông nghiệp trong giai đoạn hiện nay

সংরক্ষণ করুন:
গ্রন্থ-পঞ্জীর বিবরন
প্রধান লেখক: Bùi, Văn Nghiêm
অন্যান্য লেখক: Dương, Trung Ý
বিন্যাস: গ্রন্থ
প্রকাশিত: Hà Nội Lí luận chính trị 2018
বিষয়গুলি:
ট্যাগগুলো: ট্যাগ যুক্ত করুন
কোনো ট্যাগ নেই, প্রথমজন হিসাবে ট্যাগ করুন!
Thư viện lưu trữ: Trung tâm Học liệu Lê Vũ Hùng, Trường Đại học Đồng Tháp
LEADER 00928pam a22002418a 4500
001 00043603
005 20190222090257.0
008 111013s2008 ||||||Viesd
020 # # |c 0  |a 978 604 962 207 6 
041 0 # |a Vie 
082 1 # |a 338.109 597 8  |b C101T 
100 0 # |a Bùi, Văn Nghiêm 
245 0 0 |a Các tỉnh ủy ở Đồng bằng sông Cửu Long lãnh đạo chuyển dịch cơ cấu kinh tế nông nghiệp trong giai đoạn hiện nay  |c Bùi Văn Nghiêm; Dương Trung Ý 
260 # # |a Hà Nội  |b Lí luận chính trị  |c 2018 
300 # # |c 21 cm.  |a 258 tr. 
653 # # |a Lãnh đạo 
653 # # |a Nông nghiệp 
653 # # |a Việt Nam 
653 # # |a Đồng bằng sông cửu long 
700 1 # |a Dương, Trung Ý 
852 # # |j KD.0025919 
910 # # |d 22/2/2019 
980 # # |a Trung tâm Học liệu Lê Vũ Hùng, Trường Đại học Đồng Tháp